| 000 | 00375nam a2200169Ia 4500 | ||
|---|---|---|---|
| 003 | 0STCL | ||
| 008 | 150530s9999 xx 000 0 und d | ||
| 040 |
_aSTCL _cSTCL |
||
| 100 | _aChandrasekharan Nair | ||
| 245 | _aIndu | ||
| 260 |
_bMangalodayam ; Thrissur _c1952 |
||
| 300 | _a0 | ||
| 546 | _aMalayalam | ||
| 942 |
_2ddc _cBK |
||
| 999 |
_c49222 _d49222 |
||
| 005 | 20220125170759.0 | ||